Asian Skylines on a Map - Statistics

General Stats
  • This quiz has been taken 468 times
  • The average score is 8 of 10
Answers on the Map
Answers color-coded by a green-red scale on the quiz's map according to % correct below.
 
Answer Stats
City % Correct
Tokyo
98%
Dubai
97%
Beijing
95%
Taipei
93%
Delhi
92%
Kuala Lumpur
92%
Ankara
88%
Colombo
74%
Nur-Sultan
74%
Urumqi
42%
No matching quizzes found
Score Distribution
Percent of People with Each Score
Percentile by Number Answered
Your Score History
You have not taken this quiz